|
|
|
|
| LEADER |
00000nam a2200000 a 4500 |
| 001 |
vtls010650734 |
| 003 |
SK-MaSNL |
| 005 |
20260425235932.0 |
| 007 |
co cg muuua |
| 008 |
240318s2014 xo | fsp 000 0 slo |
| 015 |
|
|
|a SNBS2015
|
| 020 |
|
|
|a 9788089400881
|q (elektronická kniha)
|
| 040 |
|
|
|a SNK
|b slo
|c SNK
|e AACR2
|
| 041 |
0 |
|
|a slo
|
| 044 |
|
|
|a xo
|c SK
|
| 072 |
|
7 |
|a 37
|x Výchova a vzdelávanie
|2 konspekt
|
| 080 |
|
|
|a 37.0:004
|2 2001
|
| 080 |
|
|
|a 371.3:004
|2 2001
|
| 080 |
|
|
|a 004.7
|2 2001
|
| 080 |
|
|
|a 004.9:37
|2 2001
|
| 080 |
|
|
|a 004+621.39
|2 2001
|
| 080 |
|
|
|a (0.034.44)
|2 2001
|
| 080 |
|
|
|a (075.8)
|2 2001
|
| 100 |
1 |
|
|a Košinárová, Eva
|4 aut
|9 419390
|
| 245 |
1 |
0 |
|a Informačno-komunikačné technológie 2
|h elektronický zdroj
|c Eva Košinárová
|
| 260 |
|
|
|a Dubnica nad Váhom
|b Dubnický technologický inštitút
|c 2014
|
| 300 |
|
|
|a 1 elektronický optický disk (CD-ROM)
|b fareb.
|c 12 cm
|
| 500 |
|
|
|a Názov z titulnej obrazovky
|
| 504 |
|
|
|a Bibliogr. odkazy
|
| 516 |
|
|
|a Textový dokument (učebnica), súbory vo formáte html a i.
|
| 538 |
|
|
|a Technické požiadavky: internetový prehliadač
|
| 650 |
0 |
7 |
|a informačné a komunikačné technológie
|2 SNKPH
|9 81648
|
| 650 |
0 |
7 |
|a vzdelávanie
|2 SNKPH
|9 4033
|
| 650 |
0 |
7 |
|a počítačom podporované vyučovanie
|2 SNKPH
|9 66766
|
| 650 |
0 |
7 |
|a počítačové siete
|2 SNKPH
|9 703
|
| 650 |
0 |
7 |
|a e-learning
|2 SNKPH
|9 28660
|
| 650 |
0 |
7 |
|a pedagogický softvér
|2 SNKPH
|9 548708
|
| 650 |
0 |
7 |
|a Information and communication technology
|2 SNKPHeng
|9 274495
|
| 650 |
0 |
7 |
|a Education
|2 SNKPHeng
|9 265320
|
| 650 |
0 |
7 |
|a Computer-assisted instruction
|2 SNKPHeng
|9 208360
|
| 650 |
0 |
7 |
|a Computer networks
|2 SNKPHeng
|9 274754
|
| 650 |
0 |
7 |
|a Educational software
|2 SNKPHeng
|9 548709
|
| 655 |
|
7 |
|a elektronické zdroje
|2 SNKPH
|9 90954
|
| 655 |
|
7 |
|a CD-ROM
|2 SNKPH
|9 70236
|
| 655 |
|
7 |
|a učebnice vysokých škôl
|2 SNKPH
|9 70191
|
| 655 |
|
7 |
|a Electronic resources
|2 SNKPHeng
|9 175546
|
| 655 |
|
7 |
|a Textbooks (higher)
|2 SNKPHeng
|9 276436
|
| 919 |
|
|
|a 978-80-89400-88-1
|
| 958 |
|
|
|a NB
|
| 999 |
|
|
|c 841995
|d 843925
|
| 952 |
|
|
|a SNK
|b SNK
|y PREZ
|7 0
|p 17A1136162
|o snkSCDM 7067/2
|i snk2015/2904
|8 0
|0 0
|1 0
|4 0
|d 2015-01-29
|l 0
|r 2026-02-24 04:14:56
|w 2026-02-24
|
| 952 |
|
|
|t snkINF 621.39
|a SNKMST
|b SNKMST
|y PREZ
|7 0
|p 17A1136163
|o snkSCDM 7067/2 D1
|i snk2015/2905
|8 0
|0 0
|1 0
|4 0
|d 2015-01-29
|l 0
|r 2025-08-12 00:00:00
|w 2026-02-24
|